Statistics for Song Lyrics: Rammstein - Herzeleid

Click here to take the quiz!

General Stats

  • This quiz has been taken 45 times
  • The average score is 33 of 45

Answer Stats

Text% Correct
Herzeleid.
97%
Herzeleid,
97%
Herzeleid,
97%
Herzeleid,
97%
Herzeleid,
97%
Herzeleid.
97%
Herzeleid,
97%
Herzeleid,
97%
Herzeleid,
97%
Herzeleid,
97%
Herzeleid,
97%
vor
83%
vor
83%
Denn
80%
denn
80%
die
80%
die
80%
euch
80%
euch
80%
ist
77%
Zeit,
77%
der
73%
ihr
73%
Minuten
73%
kurz
70%
wie
70%
einander
67%
einander
67%
scheinen.
67%
seid.
67%
wenn
67%
auch
63%
Bewahret
63%
Bewahret
63%
Jahre
63%
Zweisamkeit.
63%
viele
60%
beisammen
57%
sie
57%
werden
57%
vereinen,
50%
einst
40%
einst,
40%
einst,
40%
einst,
40%

Score Distribution

Percentile by Number Answered

Percent of People with Each Score

Your Score History

You have not taken this quiz